Právo účasti občanov na správe vecí verejných

Na minha lista:
Detalhes bibliográficos
Autor principal: Řehůřek, Miloš
Formato: Livro
Idioma:eslovaco
Publicado em: Bratislava VEDA 1997
Assuntos:
Tags: Adicionar Tag
Sem tags, seja o primeiro a adicionar uma tag!

MARC

LEADER 00000nam a2200000 4500
001 c103113
005 20221109111559.0
020 |a 80-224-0531-0 
041 0 |a slo 
044 |a SK 
245 1 0 |a Právo účasti občanov na správe vecí verejných  |c Miloš Řehůřek 
264 1 |a Bratislava  |b VEDA  |c 1997 
300 |a 149 s. 
610 2 0 |a právo občianske 
610 2 0 |a právo štátne 
610 2 0 |a právo ústavné 
610 2 0 |a správa verejná 
610 2 0 |a spoločnosť občianska 
610 2 0 |a Slovensko 
610 2 0 |a správa miestna 
610 2 0 |a správa oblastná 
100 1 |a Řehůřek, Miloš